[Event "The Hunger Games"]
[Site "SchemingMind.com"]
[Date "2012.11.16"]
[Round "-"]
[White "Fred Fanelli"]
[Black "Stauffenberg"]
[Result "0-1"]
[WhiteCountry "USA"]
[BlackCountry "ITA"]
[WhiteElo "1504"]
[WhiteRD "115"]
[BlackElo "1850"]
[BlackRD "87"]
[GameID "321540"]

1. c4 Nf6 2. d4 g6 3. Nc3 d5 4. e3 Bg7 5. h3 O-O 6. Nf3 c6 7. Bd3 dxc4 8. Bxc4 Nbd7 9. O-O Qc7 10. Re1 Nb6
11. Bd3 Nbd5 12. Bd2 Bd7 13. e4 Nxc3 14. Bxc3 e6 15. Bd2 Rfd8 16. e5 Nd5 17. Qc1 b6 18. a3 Bc8 19. Ng5 Bb7 20. Ne4 Ne7
21. Bh6 Kh8 22. Bxg7+ Kxg7 23. Nd6 Nc8 24. Nxc8 Raxc8 25. Qf4 c5 26. Rac1 Rxd4 27. Qf6+ Kg8 28. Bf1 Qd8 29. Be2 Qxf6 30. f3 Qe7
31. Rcd1 Rxd1 32. Bxd1 Rd8 33. Bc2 Rd2
0-1

[Event "The Hunger Games"]
[Site "SchemingMind.com"]
[Date "2012.11.22"]
[Round "-"]
[White "GreeneKing"]
[Black "Savage72"]
[Result "1-0"]
[WhiteCountry "SCO"]
[BlackCountry "NED"]
[WhiteElo "1784"]
[WhiteRD "77"]
[BlackElo "1657"]
[BlackRD "63"]
[GameID "321762"]

1. d4 d5 2. Nf3 Nf6 3. Bf4 c6 4. e3 Bg4 5. h3 Bh5 6. Bd3 e6 7. g4 Bg6 8. Bxg6 hxg6 9. Nbd2 Qb6 10. Nb3 Nbd7
11. Qe2 O-O-O 12. Bg5 Re8 13. Nfd2 e5 14. c3 exd4 15. cxd4 Bd6 16. O-O-O Kb8 17. Kb1 Bb4 18. f3 a5 19. a3 Bxd2 20. Nxd2 Qxd4
21. Ne4 Qe5 22. Bf4
1-0

[Event "The Hunger Games"]
[Site "SchemingMind.com"]
[Date "2012.11.21"]
[Round "-"]
[White "Savage72"]
[Black "GreeneKing"]
[Result "0-1"]
[WhiteCountry "NED"]
[BlackCountry "SCO"]
[WhiteElo "1660"]
[WhiteRD "65"]
[BlackElo "1797"]
[BlackRD "79"]
[GameID "321767"]

1. e4 e5 2. Bc4 Bc5 3. Nf3 Nc6 4. c3 Bb6 5. d4 Qe7 6. O-O d6 7. dxe5 dxe5 8. Be3 Nf6 9. Bg5 Bg4 10. Qe2 h6
11. Bh4 g5 12. Bg3 h5 13. h3 h4 14. Bh2 Bh5 15. Nbd2 O-O-O 16. Qe1 Rhg8 17. Be2 g4 18. hxg4 Nxg4 19. Rd1 Nxh2 20. Kxh2 Qf6
21. b4 Qf4+ 22. Kh1 Rxg2 23. Kxg2 Rg8+ 24. Kh1 Qg4 25. Rg1 Qh3+ 26. Nh2 Rxg1+ 27. Qxg1 Bxe2 28. Rc1 Kd7 29. Qg2 Qd3 30. Nhf3 Bxf3
31. Nxf3 Qxe4 32. Rd1+ Ke7 33. Qg5+ Ke6 34. Qh5 Bxf2 35. Qh6+ f6 36. Kg2 Bg3 37. Qd2 Kf5 38. Qd7+ Kf4 39. Qd2+ Qe3 40. Qxe3+ Kxe3
41. Rd7 e4 42. Nd4 Nxd4 43. Rxd4 f5 44. a4 f4 45. Rd7 f3+ 46. Kf1 f2 47. a5 Kf3 48. Rf7+ Bf4
0-1

[Event "The Hunger Games"]
[Site "SchemingMind.com"]
[Date "2012.12.01"]
[Round "-"]
[White "Scooter"]
[Black "ajswegiel"]
[Result "0-1"]
[WhiteCountry "USA"]
[BlackCountry "POL"]
[WhiteElo "1774"]
[WhiteRD "54"]
[BlackElo "2133"]
[BlackRD "98"]
[GameID "322034"]

1. d4 d5 2. Nf3 Nf6 3. Bf4 Bg4 4. e3 Nbd7 5. Be2 c6 6. O-O e6 7. h3 Bxf3 8. Bxf3 Be7 9. Nd2 O-O 10. c4 Re8
11. cxd5 exd5 12. a3 Nf8 13. b4 Ne6 14. Bg3 Bd6 15. Bxd6 Qxd6 16. Nb3 Ng5 17. Nc5 Nxf3+ 18. Qxf3 Ne4 19. Qd1 Nxc5 20. bxc5 Qd7
21. Rb1 Rab8 22. a4 f5 23. a5 Re4 24. a6 b6 25. cxb6 axb6 26. Qa4 b5 27. Qa5 f4 28. a7 Ra8 29. Ra1 f3 30. Qb6 fxg2
31. Kxg2 Rh4 32. Qb8+ Kf7 33. Qg3 Rh6 34. Qf3+ Kg8 35. Kh2 Rxa7 36. Rxa7 Qxa7 37. Qg4 Qc7+ 38. Qg3 Qxg3+ 39. Kxg3 Kf7 40. Rc1 Ke7
41. Ra1 Rf6 42. Ra7+ Kd6 43. Rxg7 Rg6+ 44. Rxg6+ hxg6 45. Kf3 c5 46. dxc5+ Kxc5 47. Ke2 b4 48. Kd2 Kc4 49. Kc2 d4 50. exd4 Kxd4
51. Kb3 Ke4 52. Kxb4 Kf3 53. Kc4 Kxf2 54. Kd4 Kg3 55. Ke4 Kxh3
0-1

[Event "The Hunger Games"]
[Site "SchemingMind.com"]
[Date "2012.12.01"]
[Round "-"]
[White "ajswegiel"]
[Black "Scooter"]
[Result "1-0"]
[WhiteCountry "POL"]
[BlackCountry "USA"]
[WhiteElo "2141"]
[WhiteRD "101"]
[BlackElo "1769"]
[BlackRD "52"]
[GameID "322038"]

1. d4 Nf6 2. c4 e6 3. Nc3 Bb4 4. Nf3 d5 5. Qa4+ Nc6 6. Bg5 O-O 7. e3 h6 8. Bh4 Bd7 9. Qc2 Be7 10. a3 dxc4
11. Bxc4 Nd5 12. Bg3 Nxc3 13. bxc3 Na5 14. Bd3 c5 15. Ne5 cxd4 16. exd4 Rc8 17. O-O Bf6 18. Rab1 Nc6 19. Nxd7 Qxd7 20. Qb2 b6
21. Ba6 Rcd8 22. Rfd1 Qd5 23. Qe2 Be7 24. Bc4 Qa5 25. Rb3 a6 26. Qe4 Na7 27. Bd3 g6 28. Bc7
1-0

[Event "The Hunger Games"]
[Site "SchemingMind.com"]
[Date "2012.12.04"]
[Round "-"]
[White "John Hamer"]
[Black "NYNH"]
[Result "1-0"]
[WhiteCountry "ENG"]
[BlackCountry "USA"]
[WhiteElo "2018"]
[WhiteRD "68"]
[BlackElo "2105"]
[BlackRD "64"]
[GameID "322521"]

1. d4 Nf6 2. c4 e6 3. Bg5 Bb4+ 4. Nd2 h6 5. Bh4 g5 6. Bg3 Ne4 7. Nf3 h5 8. Qc2 Nxd2 9. Nxd2 Nc6 10. d5 h4
11. dxc6 hxg3 12. cxd7+ Bxd7 13. fxg3 Ba4 14. Qxa4+
1-0

[Event "The Hunger Games"]
[Site "SchemingMind.com"]
[Date "2012.12.04"]
[Round "-"]
[White "NYNH"]
[Black "John Hamer"]
[Result "1-0"]
[WhiteCountry "USA"]
[BlackCountry "ENG"]
[WhiteElo "2105"]
[WhiteRD "64"]
[BlackElo "2018"]
[BlackRD "68"]
[GameID "322523"]

1. d4 Nf6 2. c4 d5 3. cxd5 Nxd5 4. e4 Nb6 5. Nf3 e6 6. Nc3 Bd7 7. Be2 Bd6 8. O-O O-O 9. Bg5 f6 10. Be3 Nc6
11. Rc1 f5 12. e5 f4 13. exd6 fxe3 14. d5 exf2+ 15. Rxf2 exd5 16. Nxd5 cxd6= 17. Nxb6 Qxb6 18. Qxd6 Rad8 19. a3 Bf5 20. Qc5 Qxc5=
21. Rxc5 Bg6 22. Bb5 Be4 23. Bc4+ Kh8 24. Ng5 Rd1+ 25. Bf1 Rxf2 26. Kxf2 Bd5 27. Be2 Rd4 28. Ke3 h6= 29. Rxc6 Bxc6 30. Kxd4 hxg5
31. Bf3 Bxf3 32. gxf3
1-0

[Event "The Hunger Games"]
[Site "SchemingMind.com"]
[Date "2012.12.18"]
[Round "-"]
[White "emvarela"]
[Black "aplek"]
[Result "0-1"]
[WhiteCountry "ARG"]
[BlackCountry "POL"]
[WhiteElo "1759"]
[WhiteRD "49"]
[BlackElo "2405"]
[BlackRD "106"]
[GameID "323103"]

1. e4 e6 2. d4 d5 3. Nc3 Nf6 4. Bg5 Bb4 5. e5 h6 6. Bd2 Bxc3 7. bxc3 Ne4 8. Qg4 g6 9. Bd3 Nxd2 10. Kxd2 c5
11. h4 Nc6 12. Nf3 cxd4 13. cxd4 Qc7 14. c3 Bd7 15. Rab1 O-O-O 16. Qf4 f5 17. Rb2 g5 18. Qg3 g4 19. Nh2 Qa5 20. Rhb1 b6
21. Kc2 Kb8 22. f3 Rc8 23. Qf4 Ne7 24. fxg4 Qxc3+ 25. Kd1 Qxd3+
0-1

[Event "The Hunger Games"]
[Site "SchemingMind.com"]
[Date "2012.12.18"]
[Round "-"]
[White "aplek"]
[Black "emvarela"]
[Result "1-0"]
[WhiteCountry "POL"]
[BlackCountry "ARG"]
[WhiteElo "2355"]
[WhiteRD "112"]
[BlackElo "1761"]
[BlackRD "51"]
[GameID "323105"]

1. c4 Nf6 2. Nc3 e6 3. e4 d5 4. e5 d4 5. exf6 dxc3 6. bxc3 Qxf6 7. d4 c5 8. Nf3 cxd4 9. Bg5 Qf5 10. cxd4 Bb4+
11. Bd2 Bxd2+ 12. Qxd2 Qe4+ 13. Be2 Nc6 14. O-O O-O 15. Bd3 Qg4 16. Rfe1 g6 17. d5 exd5 18. cxd5 Nb4 19. Re4
1-0

[Event "The Hunger Games"]
[Site "SchemingMind.com"]
[Date "2013.01.18"]
[Round "-"]
[White "Coretismo"]
[Black "Timaeus"]
[Result "1-0"]
[WhiteCountry "ENG"]
[BlackCountry "JPN"]
[WhiteElo "2057"]
[WhiteRD "79"]
[BlackElo "1415"]
[BlackRD "74"]
[GameID "325155"]

1. c4 d5 2. d4 b6 3. Nf3 Nf6 4. g3 g6 5. Bg2 dxc4 6. Ne5 c6 7. Nxc6 Nxc6 8. Bxc6+ Bd7 9. Bxa8 Qxa8 10. O-O Bh3
11. f3 Bxf1 12. Qxf1 Bg7 13. Nc3 Nd5 14. Qf2 O-O 15. Bf4 e6 16. Rd1 f5 17. Qe1 Nxf4 18. gxf4 a6 19. d5 exd5 20. Nxd5 Bxb2
21. Qb4 c3 22. Ne7+ Kg7 23. Rd7 Kh6 24. Qd4 Qb8 25. Nxf5+
1-0

[Event "The Hunger Games"]
[Site "SchemingMind.com"]
[Date "2013.01.18"]
[Round "-"]
[White "Timaeus"]
[Black "Coretismo"]
[Result "0-1"]
[WhiteCountry "JPN"]
[BlackCountry "ENG"]
[WhiteElo "1415"]
[WhiteRD "74"]
[BlackElo "2057"]
[BlackRD "79"]
[GameID "325161"]

1. c4 Nf6 2. d3 e5 3. Nf3 Nc6 4. g3 d5 5. cxd5 Nxd5 6. Bg2 Be7 7. Nc3 Nb6 8. O-O O-O 9. Be3 Be6 10. b3 f5
11. Bg5 Bxg5 12. Nxg5 Qxg5 13. e3 Rad8 14. Re1 Nb4 15. h4 Qf6 16. Qe2 Nxd3 17. Red1 e4 18. f3 Qxc3 19. f4 Qc5 20. Bf1 Nd5
21. Qg2 Nxe3 22. Qe2 Nxd1+ 23. Kg2 Qf2+ 24. Qxf2 N1xf2
0-1

[Event "The Hunger Games"]
[Site "SchemingMind.com"]
[Date "2013.01.17"]
[Round "-"]
[White "kenneth m day"]
[Black "Aadsje"]
[Result "0-1"]
[WhiteCountry "USA"]
[BlackCountry "NED"]
[WhiteElo "1720"]
[WhiteRD "53"]
[BlackElo "2262"]
[BlackRD "64"]
[GameID "325291"]

1. e4 e6 2. d4 d5 3. Nd2 c5 4. c3 cxd4 5. cxd4 dxe4 6. Nxe4 Nf6 7. Bg5 Bb4+ 8. Nc3 Qa5 9. Bd2 Nc6 10. Nf3 O-O
11. a3 Be7 12. Be2 Rd8 13. O-O Nxd4 14. Nxd4 Rxd4 15. Qc2 Bd7 16. Rfd1 Rc8 17. Qb3 Bc6 18. Be3 Rxd1+ 19. Rxd1 Nd5 20. Nxd5 Bxd5
21. Qd3 Bf6 22. Bd4 Bc4 23. Qd2 Qxd2 24. Rxd2 Bxe2 25. f3 Rd8 26. Rxe2 Rxd4 27. Kf2 Rd3 28. Rc2 g6 29. Ke2 Rb3 30. Rc8+ Kg7
0-1

[Event "The Hunger Games"]
[Site "SchemingMind.com"]
[Date "2013.01.17"]
[Round "-"]
[White "Aadsje"]
[Black "kenneth m day"]
[Result "1-0"]
[WhiteCountry "NED"]
[BlackCountry "USA"]
[WhiteElo "2299"]
[WhiteRD "67"]
[BlackElo "1752"]
[BlackRD "52"]
[GameID "325296"]

1. Nf3 Nf6 2. c4 g6 3. Nc3 c5 4. e4 d6 5. d4 cxd4 6. Nxd4 a6 7. Be2 Bg7 8. Be3 Nc6 9. O-O O-O 10. Rc1 e6
11. Qd2 Qc7 12. Rfd1 Ne5 13. Bg5 Qd7 14. f4 Nc6 15. Nxc6 Qxc6 16. Qxd6 Qxd6 17. Rxd6 h6 18. Bh4 Rb8 19. e5 Nd7 20. Bf2 Rd8
21. Rcd1 Bf8 22. R6d2 Be7 23. Bb6 Nxb6 24. Rxd8+ Bxd8 25. Rxd8+ Kg7 26. Ne4 Nd7 27. Nd6 Nb6 28. Ne8+
1-0

[Event "The Hunger Games"]
[Site "SchemingMind.com"]
[Date "2013.01.30"]
[Round "-"]
[White "smothered mate"]
[Black "ray winteringham"]
[Result "1-0"]
[WhiteCountry "POL"]
[BlackCountry "ENG"]
[WhiteElo "2022"]
[WhiteRD "58"]
[BlackElo "1513"]
[BlackRD "52"]
[GameID "325852"]

1. e4 e5 2. Nf3 d6 3. d4 exd4 4. Nxd4 Nc6 5. Nc3 g6 6. Nxc6 bxc6 7. Qd4 f6 8. Bc4 Bg7 9. Bg5 c5 10. Qd5 Rb8
11. Qf7#
1-0

[Event "The Hunger Games"]
[Site "SchemingMind.com"]
[Date "2013.01.30"]
[Round "-"]
[White "ray winteringham"]
[Black "smothered mate"]
[Result "0-1"]
[WhiteCountry "ENG"]
[BlackCountry "POL"]
[WhiteElo "1520"]
[WhiteRD "52"]
[BlackElo "1984"]
[BlackRD "58"]
[GameID "325861"]

1. d4 d5 2. g3 c5 3. e3 Nc6 4. Bg2 e6 5. c3 Nf6 6. Ne2 Be7 7. b3 O-O 8. Bb2 Qc7 9. O-O b6 10. c4 dxc4
11. bxc4 Ba6 12. Nd2 Rad8 13. Qa4 Bb7 14. Rab1 a6 15. dxc5 Rxd2 16. Nf4 Bxc5 17. Qb3 Rfd8 18. Bxf6 gxf6 19. Qc3 Ne5 20. Bxb7 Qxb7
21. Nd5 exd5 22. Kg2 d4+
0-1

[Event "The Hunger Games"]
[Site "SchemingMind.com"]
[Date "2013.03.10"]
[Round "-"]
[White "aplek"]
[Black "John Hamer"]
[Result "1-0"]
[WhiteCountry "POL"]
[BlackCountry "ENG"]
[WhiteElo "2416"]
[WhiteRD "96"]
[BlackElo "2056"]
[BlackRD "65"]
[GameID "328343"]

1. c4 Nf6 2. Nc3 g6 3. e4 d6 4. g3 Bg7 5. Bg2 O-O 6. Nge2 c5 7. a3 Nc6 8. Rb1 Bd7 9. O-O Qc8 10. d3 Bh3
11. b4 Bxg2 12. Kxg2 Ne8 13. Bg5 Qd7 14. Qa4 e6 15. Rfd1 cxb4 16. axb4 f5 17. exf5 Rxf5 18. Be3 Nc7 19. b5 Ne5 20. h3 Nf3
21. d4 e5 22. dxe5 Bxe5 23. c5 d5 24. Qb3 Bxc3 25. Nxc3 Rd8 26. Ra1 a6 27. c6 bxc6 28. bxa6 Ra8= 29. a7 Rf7 30. Ra4 Ne6
31. Ne4 Qc7 32. Rb1 Rff8= 33. Nc5 Neg5 34. Qb7 Qe5 35. Rf4 Rfd8 36. h4 d4 37. hxg5 Qd5 38. Ne4 Nxg5 39. Bxd4
1-0

[Event "The Hunger Games"]
[Site "SchemingMind.com"]
[Date "2013.03.09"]
[Round "-"]
[White "John Hamer"]
[Black "aplek"]
[Result "0-1"]
[WhiteCountry "ENG"]
[BlackCountry "POL"]
[WhiteElo "2056"]
[WhiteRD "65"]
[BlackElo "2416"]
[BlackRD "96"]
[GameID "328345"]

1. d4 Nf6 2. c4 e6 3. Nc3 d5 4. Bf4 Bb4 5. e3 Ne4 6. Qb3 Nc6 7. Nf3 g5 8. Bg3 a5 9. O-O-O Bxc3 10. bxc3 h5
11. Bd3 h4 12. cxd5 exd5 13. Bxe4 dxe4 14. d5 Nb4 15. cxb4 exf3 16. Qc3 O-O 17. Bxc7 axb4 18. Qe5 f6 19. Qd6 Qe8 20. Qxb4= fxg2
21. Rhg1 Rxa2 22. Rxg2 Bf5 23. e4 Rf7 24. Ba5 Ra4 25. Qe1 Rxe4 26. Qc3 Qb5
0-1

[Event "The Hunger Games"]
[Site "SchemingMind.com"]
[Date "2013.03.18"]
[Round "-"]
[White "smothered mate"]
[Black "Stauffenberg"]
[Result "0-1"]
[WhiteCountry "POL"]
[BlackCountry "ITA"]
[WhiteElo "1932"]
[WhiteRD "64"]
[BlackElo "1889"]
[BlackRD "92"]
[GameID "328508"]

1. e4 e5 2. Nf3 Nc6 3. d4 exd4 4. Nxd4 Bc5 5. Be3 Qf6 6. c3 Nge7 7. Bc4 Ne5 8. Be2 Qg6 9. O-O d6 10. Nd2 Bh3
11. Bf3 Nxf3+ 12. Qxf3 Bg4 13. Qg3 Bd7 14. b4 Qxg3 15. hxg3 Bb6 16. a4 a6 17. Nc4 Bxd4 18. Bxd4 f6 19. f4 Nc6 20. Bf2 Be6
21. Ne3 O-O 22. Nd5 Bxd5 23. exd5 Ne7 24. c4 Rfe8 25. Rfe1 Nf5 26. Re6 Rxe6 27. dxe6 g6 28. Re1 Re8 29. c5 Ng7 30. cxd6 cxd6
31. Bd4 Rxe6 32. Rxe6 Nxe6 33. Bxf6 Kf7 34. Bb2 Nc7 35. Kf2 Ke6 36. Kf3 h5 37. g4 hxg4+ 38. Kxg4 b5 39. Kg5 Nd5 40. Ba3 bxa4
41. g3 Kf7 42. Kg4 Ne3+ 43. Kf3 Nc2 44. Bb2 Nxb4 45. Ke4 d5+ 46. Kd4 a3 47. Bc3 a2 48. Kc5 Nc2 49. Kxd5 a1=Q 50. Bxa1 Nxa1
51. Kc6 Kf6 52. g4 Nc2 53. f5 g5 54. Kb6 Ne3 55. Kxa6 Nxg4 56. Kb5 Kxf5 57. Kc4 Kf4 58. Kd3 Kf3 59. Kd2 Nh2
0-1

[Event "The Hunger Games"]
[Site "SchemingMind.com"]
[Date "2013.03.18"]
[Round "-"]
[White "Stauffenberg"]
[Black "smothered mate"]
[Result "1/2-1/2"]
[WhiteCountry "ITA"]
[BlackCountry "POL"]
[WhiteElo "1918"]
[WhiteRD "92"]
[BlackElo "1931"]
[BlackRD "67"]
[GameID "328514"]

1. d4 d5 2. c4 e6 3. Nc3 c5 4. cxd5 exd5 5. Nf3 Nc6 6. g3 c4 7. Bg2 Bb4 8. O-O Nge7 9. Ne1 O-O 10. Nc2 Ba5
11. Bg5 f6 12. Bd2 Bb6 13. e3 a6 14. Ne2 Bf5 15. Nf4 g5 16. Ne2 Rc8 17. Nb4 Nxb4 18. Bxb4 Re8 19. Nc3 Be6 20. Qf3 g4
21. Qxf6 Nc6 22. Qxd8 Rcxd8 23. Ba3 Bc7 24. b3 Ba5 25. Bb2 b5 26. bxc4 bxc4 27. a3 Rd7 28. Rab1 Ne7 29. Na4 Bf5 30. Nc5 Ra7
31. Rbc1 Rb8 32. Bc3 Bxc3 33. Rxc3 Rb2 34. Re1 Rc2 35. Rxc2 Bxc2 36. e4 dxe4 37. Bxe4 Bxe4 38. Rxe4 h5 39. Re1 Nd5 40. Rc1 c3
41. Kf1 Re7 42. Re1 Rf7 43. Nxa6 Ra7 44. Nb4 Nxb4 45. axb4 Kf7 46. Rc1 Rc7 47. Ke2 Ke6 48. Kd3 Kd5 49. Rxc3 Rf7 50. Rc5+ Kd6
51. Ke2 h4 52. Rg5 hxg3 53. hxg3 Rb7 54. b5 Rb8 55. Ke3 Ke6 56. b6=
1/2-1/2

[Event "The Hunger Games"]
[Site "SchemingMind.com"]
[Date "2013.04.16"]
[Round "-"]
[White "ajswegiel"]
[Black "GreeneKing"]
[Result "1-0"]
[WhiteCountry "POL"]
[BlackCountry "SCO"]
[WhiteElo "2123"]
[WhiteRD "106"]
[BlackElo "1898"]
[BlackRD "79"]
[GameID "330098"]

1. d4 Nf6 2. c4 e6 3. Nf3 g6 4. Nc3 Bg7 5. e4 d6 6. Be2 O-O 7. O-O c6 8. h3 Nbd7 9. Bg5 e5 10. d5 Qc7
11. dxc6 bxc6 12. b4 Bb7 13. Qd2 Nh5 14. Be7 Rfe8 15. Bxd6 Qd8 16. g3 Bf8 17. Bxf8 Rxf8 18. Rfd1 Nhf6 19. c5 Re8 20. Bc4 Qe7
21. Qd6 h6 22. a4 a5 23. b5 Nxc5 24. bxc6 Qxd6 25. Rxd6 Nfxe4 26. Nxe4 Nxe4 27. cxb7 Rab8 28. Rd7
1-0

[Event "The Hunger Games"]
[Site "SchemingMind.com"]
[Date "2013.04.15"]
[Round "-"]
[White "GreeneKing"]
[Black "ajswegiel"]
[Result "1/2-1/2"]
[WhiteCountry "SCO"]
[BlackCountry "POL"]
[WhiteElo "1898"]
[WhiteRD "79"]
[BlackElo "2123"]
[BlackRD "106"]
[GameID "330101"]

1. d4 d5 2. Nf3 Nf6 3. Bf4 Bf5 4. e3 Nbd7 5. c4 e6 6. a3 c6 7. c5 Be7 8. Bd3 Bxd3 9. Qxd3 Nh5 10. O-O Nxf4
11. exf4 O-O 12. Nbd2 Qc7 13. Ne5 Nxe5 14. fxe5 f5 15. f4 b6 16. b4 Rab8 17. Rfc1 b5 18. Qc3 Kh8 19. Nf3 Rg8 20. h4 a5
21. Ng5 Bxg5 22. hxg5 a4=
1/2-1/2

[Event "The Hunger Games"]
[Site "SchemingMind.com"]
[Date "2013.08.11"]
[Round "-"]
[White "Coretismo"]
[Black "ajswegiel"]
[Result "1-0"]
[WhiteCountry "ENG"]
[BlackCountry "POL"]
[WhiteElo "2028"]
[WhiteRD "89"]
[BlackElo "2078"]
[BlackRD "107"]
[GameID "336367"]

1. c4 Nf6 2. Nc3 c6 3. d4 d5 4. e3 a6 5. a4 g6 6. Nf3 Bg7 7. Be2 O-O 8. a5 dxc4 9. Bxc4 Nd5 10. Bd2 e6
11. O-O Nd7 12. Qb3 Qc7 13. Na4 Ne7 14. Bb4 Re8 15. Bxe6 fxe6 16. Qxe6+ Kh8 17. Ng5 Ne5 18. Qb3 Nd5 19. dxe5 Rxe5 20. e4 Rxg5
21. exd5 Be5 22. d6 Bxd6 23. Bxd6 Qxd6 24. Rad1 Qe6 25. Rd8+ Kg7 26. Qxe6 Bxe6 27. Rxa8 Bh3 28. f4 Rxg2+ 29. Kh1 Rd2 30. Re1
1-0

[Event "The Hunger Games"]
[Site "SchemingMind.com"]
[Date "2013.08.09"]
[Round "-"]
[White "ajswegiel"]
[Black "Coretismo"]
[Result "1-0"]
[WhiteCountry "POL"]
[BlackCountry "ENG"]
[WhiteElo "2127"]
[WhiteRD "104"]
[BlackElo "1965"]
[BlackRD "86"]
[GameID "336369"]

1. d4 Nf6 2. c4 g6 3. Nc3 d5 4. cxd5 Nxd5 5. e4 Nxc3 6. bxc3 c5 7. Bb5+ Bd7 8. Bxd7+ Qxd7 9. Nf3 Bg7 10. O-O O-O
11. Be3 cxd4 12. cxd4 Nc6 13. d5 Na5 14. Bd4 b6 15. Bxg7 Kxg7 16. Qd4+ Kg8 17. Rad1 Rac8 18. e5 Rc4 19. Qe3 Qf5 20. Nd4 Rfc8
21. Nxf5
1-0

[Event "The Hunger Games"]
[Site "SchemingMind.com"]
[Date "2013.09.02"]
[Round "-"]
[White "aplek"]
[Black "Stauffenberg"]
[Result "1-0"]
[WhiteCountry "POL"]
[BlackCountry "ITA"]
[WhiteElo "2398"]
[WhiteRD "97"]
[BlackElo "1810"]
[BlackRD "80"]
[GameID "337442"]

1. c4 Nf6 2. Nc3 g6 3. e4 e5 4. Nf3 Nc6 5. d4 exd4 6. Nxd4 Bg7 7. Be3 d6 8. Be2 O-O 9. O-O Bd7 10. f3 Re8
11. Qd2 a6 12. Rad1 Nxd4 13. Bxd4
1-0

[Event "The Hunger Games"]
[Site "SchemingMind.com"]
[Date "2013.09.01"]
[Round "-"]
[White "Stauffenberg"]
[Black "aplek"]
[Result "0-1"]
[WhiteCountry "ITA"]
[BlackCountry "POL"]
[WhiteElo "1810"]
[WhiteRD "80"]
[BlackElo "2398"]
[BlackRD "97"]
[GameID "337444"]

1. d4 Nf6 2. c4 e6 3. Nc3 d5 4. Nf3 c6 5. e3 Nbd7 6. Bd3 dxc4 7. Bxc4 b5 8. Bd3 Bb7 9. O-O a6 10. e4 c5
11. d5 Qc7 12. dxe6 fxe6 13. Bc2 Be7
0-1